Código de processo civil : (Record no. 1144)

MARC details
000 -LÍDER
Campo Fixo de Controle 00787nam a2200241 a 4500
001 - NÚMERO DE CONTROLE
Campo de Controle 1144
003 - IDENTIFICAÇÃO DO NÚMERO DE CONTROLE
Campo de Controle BR-CuiBMT
005 - DATA E HORA DA ÚLTIMA ATUALIZAÇÃO
Campo de Controle 20231129211014.0
008 - DADOS FIXOS
Dados Fixos 230808s2015 dfb 000 0 por d
040 ## - AGÊNCIA CATALOGADORA
Código da Agência Catalogadora BR-CuiBMT
Agência que transcreveu o registro BR-CuiBMT
080 ## - Nº DA CLASSIFICAÇÃO DECIMAL UNIVERSAL
Nº Class. CDU 347.91/.95
Subd. Auxiliar Comum (094.5)
Nº edição CDU 2007
090 ## - NÚMERO DE CHAMADA
Nº classificação 347.91/.95(094.5)
Cutter B823c
110 ## - ENTRADA PRINCIPAL -- ENTIDADE
Nome da entidade ou lugar Brasil.
Unidade subordinada Senado Federal.
240 ## - TÍTULO UNIFORME/ORIGINAL
Título original Código de processo Civil (1973)
245 10 - TÍTULO PRINCIPAL
Título principal Código de processo civil :
Subtítulo lei nº 13.105, de 16 de março de 2015 .
246 ## - FORMAS VARIANTES DO TÍTULO
Título principal Código de Processo Civil e legislação correlata
260 ## - PUBLICAÇÃO, DISTRIBUIÇÃO, ETC.
Local de publicação Brasília :
Editora Senado Federal,
Data 2015.
300 ## - DESCRIÇÃO FÍSICA
N. páginas ou volumes 255 p. ;
Dimensões 23 cm
650 ## - ASSUNTO TÓPICO
Cabeçalho tópico ou nome geográfico Direito processual civil
Subdivisão geográfica Brasil
650 ## - ASSUNTO TÓPICO
Cabeçalho tópico ou nome geográfico Código de processo civil
Subdivisão geográfica Brasil
650 ## - ASSUNTO TÓPICO
Cabeçalho tópico ou nome geográfico Direito constitucional
942 ## - ELEMENTOS DE ENTRADA ADICIONAIS (KOHA)
Fonte de classificação ou esquema de arquivamento Classificação Decimal Universal
Tipo de item do Koha Livros
Holdings
Estado: removido Estado: perdido Fonte de classificação ou esquema de arquivamento Estado: danificado Indisponível para empréstimo Localização permanente Localização atual Data de aquisição Total Checkouts Número de Chamada completo Código de barras Date last seen Número do exemplar Preço efetivo a partir de Tipo de item (Koha)
    Classificação Decimal Universal     Biblioteca da Escola Superior de Contas do TCE/MT Biblioteca da Escola Superior de Contas do TCE/MT 29/11/2023   347.91/.95(094.5) B823c BIBTCEMT23111332 29/11/2023 Ex. 1 29/11/2023 Livros

Powered by Koha